Kriyatmaka kannada (Record no. 116762)

MARC details
000 -LEADER
fixed length control field 00698nam a2200253Ia 4500
003 - CONTROL NUMBER IDENTIFIER
control field OSt
005 - DATE AND TIME OF LATEST TRANSACTION
control field 20251106123003.0
008 - FIXED-LENGTH DATA ELEMENTS--GENERAL INFORMATION
fixed length control field 210210b2007 xxu||||| |||| 00| 0 eng d
040 ## - CATALOGING SOURCE
Transcribing agency AL
041 ## - LANGUAGE CODE
Language code of text/sound track or separate title Kannada
082 ## - DEWEY DECIMAL CLASSIFICATION NUMBER
Classification number 001.54K VASK
100 ## - MAIN ENTRY--PERSONAL NAME
Personal name VASANTA KUMAR
9 (RLIN) 100699
Dates associated with a name ವಸಂತ ಕುಮಾರ್
245 ## - TITLE STATEMENT
Title Kriyatmaka kannada
Remainder of title ಕ್ರಿಯಾತ್ಮಕ ಕನ್ನಡ
260 ## - PUBLICATION, DISTRIBUTION, ETC.
Place of publication, distribution, etc. Parkala
Name of publisher, distributor, etc. Not Mentioned
Date of publication, distribution, etc. 2007
300 ## - PHYSICAL DESCRIPTION
Extent 335
650 ## - SUBJECT ADDED ENTRY--TOPICAL TERM
Topical term or geographic name entry element Samuhasamvahana
9 (RLIN) 100700
650 ## - SUBJECT ADDED ENTRY--TOPICAL TERM
Topical term or geographic name entry element Prachara
9 (RLIN) 100701
650 ## - SUBJECT ADDED ENTRY--TOPICAL TERM
Topical term or geographic name entry element Patrika
9 (RLIN) 100702
650 ## - SUBJECT ADDED ENTRY--TOPICAL TERM
Topical term or geographic name entry element Patra
9 (RLIN) 100703
650 ## - SUBJECT ADDED ENTRY--TOPICAL TERM
Topical term or geographic name entry element Madhyama
9 (RLIN) 100704
690 ## - LOCAL SUBJECT ADDED ENTRY--TOPICAL TERM (OCLC, RLIN)
Topical term or geographic name as entry element Communication
9 (RLIN) 100705
906 ## - LOCAL DATA ELEMENT F, LDF (RLIN)
a 062093
942 ## - ADDED ENTRY ELEMENTS (KOHA)
Source of classification or shelving scheme Dewey Decimal Classification
Koha item type Book
Holdings
Withdrawn status Lost status Source of classification or shelving scheme Damaged status Not for loan Collection code Home library Current library Date acquired Source of acquisition Cost, normal purchase price Total Checkouts Full call number Barcode Date last seen Price effective from Koha item type
    Dewey Decimal Classification     Kannada St Aloysius Library St Aloysius Library 02/17/2021 Tendulkar Prakashana, Udupi-576107 180.00   001.54K VASK 062094 02/17/2021 02/17/2021 Book
    Dewey Decimal Classification     Kannada St Aloysius Library St Aloysius Library 02/17/2021 Tendulkar Prakashana, Udupi-576107 180.00   001.54K VASK 062093 02/17/2021 02/17/2021 Book